[Event "Baile Herculane zt"]
[Site "Baile Herculane"]
[Date "1982.??.??"]
[Round "18"]
[White "Lukacs, Peter"]
[Black "Csom, Istvan"]
[Result "1/2-1/2"]
[WhiteElo "2470"]
[BlackElo "2505"]

1.d4 Nf6 2.c4 e6 3.Nf3 Bb4+ 4.Bd2 Qe7 5.g3 O-O 6.Bg2 Bxd2+ 7.Qxd2 d6 8.Nc3 e5
9.O-O h6 10.e4 Bg4 11.d5 a5 12.Ne1 Na6 13.Nd3 Nd7  1/2-1/2

[Event "Baile Herculane zt"]
[Site "Baile Herculane"]
[Date "1982.??.??"]
[Round "20"]
[White "Lukacs, Peter"]
[Black "Inkiov, Ventzislav"]
[Result "1/2-1/2"]
[WhiteElo "2470"]
[BlackElo "2495"]

1.d4 Nf6 2.c4 e6 3.Nf3 Bb4+ 4.Bd2 Qe7 5.g3 Nc6 6.Bg2 Bxd2+ 7.Nbxd2 d6 8.O-O O-O
9.e4 e5 10.d5 Nb8 11.Ne1 a5 12.Nd3 Na6 13.Qc2 Nc5 14.Nxc5 dxc5 15.f4 Nd7
16.Rae1 f6 17.Bh3 Nb6 18.Bxc8 Nxc8 19.fxe5 fxe5 20.Rxf8+ Kxf8 21.Nf3 Nd6
22.Qf2 Nf7 23.Rf1 Kg8 24.Qe3 b6 25.Kg2 Rf8 26.Nd2 h6  1/2-1/2

[Event "Rakovica"]
[Site "Belgrade"]
[Date "1982.??.??"]
[Round "?"]
[White "Farago, Ivan"]
[Black "Agzamov, Georgy"]
[Result "1/2-1/2"]
[WhiteElo "2490"]
[BlackElo "2530"]

1.d4 Nf6 2.c4 e6 3.Nf3 Bb4+ 4.Bd2 Qe7 5.g3 Nc6 6.Bg2 Bxd2+ 7.Nbxd2 a5 8.O-O d6
9.e4 e5 10.d5 Nb8 11.Qc2 O-O 12.Ne1 Na6 13.Nd3 Nd7 14.a3 Ndc5 15.Nxc5 Nxc5
16.b4 axb4 17.axb4 Rxa1 18.Rxa1 Na6 19.Qc3 f5 20.exf5 Bxf5 21.Ne4 Qf7 22.Qe1 h6
23.Rc1 Qe7 24.Qc3  1/2-1/2

[Event "DSV-Turnier"]
[Site "Berlin-Ost"]
[Date "1982.??.??"]
[Round "8"]
[White "Lukacs, Peter"]
[Black "Pokojowczyk, Jerzy"]
[Result "1-0"]
[WhiteElo "2485"]
[BlackElo "2420"]

1.d4 Nf6 2.c4 e6 3.Nf3 Bb4+ 4.Bd2 a5 5.g3 d5 6.Qc2 Nc6 7.Bg2 dxc4 8.Qxc4 Qd5
9.Qxd5 exd5 10.Nc3 Bf5 11.O-O Be4 12.e3 Bxc3 13.Bxc3 O-O 14.Rfc1 Nd7 15.Be1 Nb6
16.a4 Rfc8 17.b3 Ra6 18.Bf1 Raa8 19.Be2 Nd7 20.Nd2 Bf5 21.g4 Be6 22.h3 f6
23.Nf3 g5 24.Kg2 h6 25.Bd2 Kf7 26.Ne1 Nd8 27.Nd3 b6 28.Rc3 c6 29.Rac1 Nb8
30.f3 Na6 31.R3c2 Ke8 32.Rb2 c5 33.Bc3 Kf7 34.dxc5 bxc5 35.Bxa5 c4 36.bxc4 dxc4
37.Nf2 Nc6 38.Bb6 Ncb4 39.Ne4 Rc6 40.Bd4 f5 41.gxf5 Bxf5 42.Rxc4  1-0

[Event "HUN-ch"]
[Site "Budapest"]
[Date "1982.??.??"]
[Round "?"]
[White "Lukacs, Peter"]
[Black "Doery, Jeno"]
[Result "1/2-1/2"]
[WhiteElo "2470"]
[BlackElo "2340"]

1.d4 Nf6 2.c4 e6 3.Nf3 Bb4+ 4.Bd2 a5 5.g3 b6 6.Bg2 Bb7 7.O-O O-O 8.a3 Bxd2
9.Nbxd2 d6 10.Qc2 Nbd7 11.e4 e5 12.d5 a4 13.Ne1 Nc5  1/2-1/2

[Event "HUN-ch"]
[Site "Budapest"]
[Date "1982.??.??"]
[Round "?"]
[White "Tolnai, Tibor"]
[Black "Doery, Jeno"]
[Result "0-1"]
[WhiteElo "2230"]
[BlackElo "2340"]

1.d4 Nf6 2.c4 e6 3.Nf3 Bb4+ 4.Bd2 a5 5.g3 b6 6.Bg2 Bb7 7.O-O O-O 8.a3 Bxd2
9.Nbxd2 d6 10.Qc2 Nbd7 11.e4 e5 12.b3 Re8 13.d5 g6 14.b4 Nh5 15.Rfc1 Rf8
16.Bh3 Ng7 17.Bxd7 Qxd7 18.c5 bxc5 19.bxc5 Ba6 20.cxd6 cxd6 21.Qc6 Rfd8 22.Qxd7 Rxd7
23.Rab1 Ne8 24.Kg2 Kf8 25.Rc6 Ke7 26.Nc4 Bxc4 27.Rxc4 Raa7 28.Ra4 Rdc7 29.Rb5 Nf6
30.h3 Rc2 31.Kf1 Ra2 32.Rb3 Rc7 33.Ng1 Rcc2 34.Rf3 Rc5 35.Ne2 Nd7 36.Rb3 Rcc2
37.Re3 Nb6 38.Rxa5 Nc4 39.Ra7+ Kf8 40.Rc3 Rxe2 41.Rxc4 Rxf2+ 42.Kg1 Rg2+
43.Kh1 Rxg3 44.a4 Rxh3+ 45.Kg1 Rg3+ 46.Kh1 h5 47.Ra6 h4 48.Rxd6 h3 49.Rf6 Rgg2  0-1

[Event "HUN-ch"]
[Site "Budapest"]
[Date "1982.??.??"]
[Round "?"]
[White "Tolnai, Tibor"]
[Black "Gyorkos, Lajos"]
[Result "1/2-1/2"]
[WhiteElo "2230"]
[BlackElo "2240"]

1.d4 Nf6 2.c4 e6 3.Nf3 Bb4+ 4.Bd2 c5 5.Bxb4 cxb4 6.g3 b6 7.Bg2 Bb7 8.O-O O-O
9.Nbd2 d6 10.Re1 Nbd7 11.e4 e5 12.Nh4 g6 13.Nf1 Re8 14.Qd2 a5 15.Rad1 Qe7
16.f4 Rad8 17.fxe5 dxe5 18.d5 Nc5 19.b3 Qf8 20.h3 Re7 21.Kh2 Ne8 22.Ne3 Bc8
23.Nc2 Nd6 24.g4 f6 25.g5 Qg7 26.Qe3 f5 27.exf5 gxf5 28.Bf3 f4 29.Qe2 e4
30.Nd4 Ree8 31.Bh5 f3 32.Qf2 Qe5+ 33.Kh1 Rf8 34.Nc6 Qf4 35.Nxd8 Rxd8 36.g6 h6
37.Nxf3 Rf8 38.Qh4 exf3 39.Qxf4 Rxf4 40.Re3 f2 41.Rf1 Kg7 42.Kg2 Nce4 43.Bf3 Ng5
44.Rxf2 Bxh3+ 45.Kg1 Bf5 46.Bg2 Rxf2 47.Kxf2 Kxg6 48.Re2 Kf6 49.Kg3 h5 50.Re1 Ngf7
51.Kf4 h4 52.Bf3 Ng5 53.Bg4 Bxg4 54.Kxg4 h3 55.Rf1+ Kg6 56.Kg3 Nf5+ 57.Kh2 Ne3
58.Rf4 Nf5 59.Rf1 Kf6 60.d6 Nf7 61.d7 Ke6 62.Kxh3 N5d6 63.Re1+ Kxd7 64.Kg4 Kc6
65.Kf4 Nd8 66.Rd1 N8b7 67.Ke5 Nc8 68.Rh1 Ncd6 69.Kd4 Nc5 70.Rh6 Nd7 71.Rh8 Nf6
72.Rh1 Nfe4 73.Rh6 Nc5 74.Ke5 Nb7 75.Kd4 a4 76.bxa4 Na5 77.Rh1 Ndxc4 78.Rh2 Na3
79.Kd3 N5c4 80.Rh4 Kd5 81.Rh5+ Kc6 82.Rh4 Ne5+ 83.Ke4 Nd7 84.Kd3 Kc5 85.Rh5+ Kd6
86.Rh4 Ne5+ 87.Ke4 Nd7 88.Kd3 Nc5+ 89.Kd2 Nxa4 90.Rxb4 b5 91.Rh4 Kc5 92.Rh3 Nc4+
93.Kc2 Nab6 94.Rg3 Nd5 95.Rh3 Kb4 96.Rh8 Nde3+ 97.Kd3 Nd1 98.a4 Ndb2+ 99.Kd4 Nxa4
100.Rh5 Na5 101.Rxb5+ Kxb5  1/2-1/2

[Event "Budapest"]
[Site "Budapest"]
[Date "1982.??.??"]
[Round "4"]
[White "Frey, Kenneth"]
[Black "Petran, Pal"]
[Result "1-0"]
[WhiteElo "2480"]
[BlackElo "2410"]

1.Nf3 Nf6 2.c4 e6 3.d4 Bb4+ 4.Bd2 Qe7 5.g3 O-O 6.Bg2 Bxd2+ 7.Qxd2 d6 8.Nc3 e5
9.O-O c6 10.e4 Nbd7 11.Rad1 Re8 12.Nh4 Nf8 13.f4 Ng6 14.Nf5 Qf8 15.dxe5 dxe5
16.Nd6 Rd8 17.f5 Ne7 18.c5 b6 19.b4 Ba6 20.Rf3 Nc8 21.Bf1 Bxf1 22.Kxf1 Nxd6
23.cxd6 Rd7 24.b5 Rad8 25.Rd3 cxb5 26.Nd5 Nxe4 27.Qe2 Nc5 28.Ne7+ Kh8 29.Rd5 e4
30.f6 g6 31.Qe3 Nb7 32.Qf4 Nc5 33.g4 Ne6 34.Qe3 g5 35.Nf5 Rc8 36.Qxe4 Rc4
37.Qe2 Qc8 38.Re5 Qc6 39.Kg1 Rc2 40.Rxe6 fxe6 41.f7 Rxf7 42.Qe5+ Kg8 43.Nh6+  1-0

[Event "Budapest"]
[Site "Budapest"]
[Date "1982.??.??"]
[Round "11"]
[White "Burger, Karl"]
[Black "Taimanov, Mark E"]
[Result "1/2-1/2"]
[WhiteElo "2420"]
[BlackElo "2510"]

1.d4 Nf6 2.Nf3 e6 3.c4 Bb4+ 4.Bd2 a5 5.g3 d5 6.Qc2 Nc6 7.Bg2 dxc4 8.Qxc4 Qd5
9.Qxd5 exd5 10.O-O Bg4 11.Be3 Ne4 12.h3 Bxf3 13.exf3 Nf6 14.a3 Be7 15.Nc3 Nd8
16.f4 c6 17.f5 g6 18.fxg6 hxg6 19.Rfe1 Ne6 20.h4 Nh5 21.Bh3 Nhg7 22.Na4 Kf8
23.Nc5 Bxc5 24.dxc5 d4 25.Bxe6 Nxe6 26.Bg5 Kg7 27.Be7 Rh5 28.Rac1 Rd5 29.Kf1 a4
30.Rc4 Ra5 31.Re2 Nxc5 32.Bxc5 Raxc5 33.Rxa4 Rc1+ 34.Re1 Rc2 35.Rb4 Rd7 36.b3 c5
37.Rc4 Rxc4 38.bxc4 Rd6 39.Rb1 Ra6 40.Rxb7 Ra4 41.Ke2 Rxc4 42.Rc7 Rc2+ 43.Kd3 Rc3+
44.Ke2 Kf6 45.a4 Ke6 46.a5 Kd5 47.a6 f5 48.a7 Ra3 49.f3 Kc4 50.g4 Ra2+  1/2-1/2

[Event "Caorle op"]
[Site "Caorle"]
[Date "1982.??.??"]
[Round "2"]
[White "Romani, Elio"]
[Black "Vujovic, Milorad"]
[Result "0-1"]
[WhiteElo "2120"]
[BlackElo "2330"]

1.d4 Nf6 2.c4 e6 3.Nf3 Bb4+ 4.Bd2 Qe7 5.g3 Ne4 6.Bg2 O-O 7.O-O Nxd2 8.Nbxd2 Bxd2
9.Qxd2 d6 10.e4 Nd7 11.Rfe1 e5 12.Rac1 a5 13.Qc3 b6 14.dxe5 dxe5 15.Bh3 f6
16.b3 Nc5 17.Bxc8 Raxc8 18.Rcd1 Rcd8 19.Qc2 Qe6 20.Kg2 Rd7 21.Nh4 Rfd8 22.Nf5 Nd3
23.Rf1 c6 24.Qe2 g6 25.Ne3 Qe7 26.h4 h5 27.Kh2 Rd4 28.f3 R8d6 29.Rxd3 Rxd3
30.Nd5 R3xd5 31.cxd5 cxd5 32.exd5 Rxd5 33.Qc4 Qc5 34.Qxc5 Rxc5 35.Rf2 Kf7
36.Rd2 Ke6 37.Kh3 Rc3 38.Rd8 Rxf3 39.Rb8 Rf2 40.Rxb6+ Kf5 41.a4 g5 42.hxg5 fxg5
43.g4+ hxg4+ 44.Kg3 Rf3+ 45.Kg2 Rc3 46.b4 axb4 47.Rxb4 Ra3 48.Rb8 g3 49.a5 Kf4
50.a6 Ra2+ 51.Kg1 Rxa6  0-1

[Event "Caorle op"]
[Site "Caorle"]
[Date "1982.??.??"]
[Round "6"]
[White "Pavlovic, Slobodan"]
[Black "Sindjic, Milutin"]
[Result "1/2-1/2"]
[WhiteElo "2315"]
[BlackElo "2000"]

1.d4 Nf6 2.c4 e6 3.Nf3 Bb4+ 4.Bd2 a5 5.e3 d5 6.Bd3 O-O 7.O-O dxc4 8.Bxc4 Nc6
9.Nc3 Bd6 10.h3 e5 11.dxe5 Nxe5 12.Nxe5 Bxe5  1/2-1/2

[Event "Wch U20"]
[Site "Copenhagen"]
[Date "1982.??.??"]
[Round "4"]
[White "Tempone, Marcelo"]
[Black "Short, Nigel D"]
[Result "1-0"]
[WhiteElo "2370"]
[BlackElo "2485"]

1.Nf3 Nf6 2.d4 e6 3.c4 Bb4+ 4.Bd2 a5 5.g3 Nc6 6.Bg2 d5 7.Qc2 dxc4 8.Qxc4 Qd5
9.Qxd5 exd5 10.O-O Be6 11.Bf4 Kd8 12.Nc3 a4 13.a3 Bxc3 14.bxc3 Ne4 15.c4 Nc3
16.Rfe1 dxc4 17.Rac1 Nd5 18.e4 Nxf4 19.gxf4 Na5 20.f5 Bd7 21.Ne5 Ke7 22.Nxc4 Nb3
23.Rcd1 b5 24.Ne3 g6 25.f6+ Kxf6 26.e5+ Kg7 27.Bxa8 Rxa8 28.d5 c5 29.dxc6 Bxc6
30.Rd6 Be8 31.Red1 Ra7 32.Nd5 Na5 33.Nf6 Bc6 34.f4 Rc7 35.Rd8  1-0

[Event "New Delhi"]
[Site "Delhi"]
[Date "1982.??.??"]
[Round "1"]
[White "Ravikumar, Vaidyanathan"]
[Black "Taimanov, Mark E"]
[Result "0-1"]
[WhiteElo "2395"]
[BlackElo "2510"]

1.d4 Nf6 2.Nf3 e6 3.c4 Bb4+ 4.Bd2 a5 5.a3 Be7 6.Nc3 d5 7.Bg5 h6 8.Bh4 O-O
9.cxd5 Nxd5 10.Bg3 b6 11.e3 Bb7 12.Bd3 c5 13.O-O cxd4 14.exd4 Nd7 15.Nb5 N7f6
16.Ne5 Re8 17.Qe2 Bf8 18.Rac1 Rc8 19.Nc4 Ba6 20.Nbd6 Bxd6 21.Nxd6 Bxd3 22.Qxd3 Rxc1
23.Rxc1 Rf8 24.Qb5 Qe7 25.Qc6 Nh5 26.Ne4 Nxg3 27.hxg3 Rd8 28.Nc3 Nxc3 29.Rxc3 Rxd4
30.Qxb6 Rd1+ 31.Kh2 Qg5 32.Rc5 Qd2  0-1

[Event "Eksjo"]
[Site "Eksjo"]
[Date "1982.??.??"]
[Round "6"]
[White "Wedberg, Tom"]
[Black "Schneider, Lars Ake"]
[Result "0-1"]
[WhiteElo "2435"]
[BlackElo "2435"]

1.d4 Nf6 2.c4 e6 3.Nf3 Bb4+ 4.Bd2 Qe7 5.g3 Nc6 6.Bg2 Bxd2+ 7.Nbxd2 O-O 8.O-O d6
9.e4 a5 10.e5 dxe5 11.dxe5 Nd7 12.Re1 Rd8 13.Re3 Nc5 14.Qe2 Bd7 15.h4 Be8
16.Ne4 Rd7 17.h5 h6 18.g4 Rad8 19.Nxc5 Qxc5 20.Re4 b6 21.Rf1 Nd4 22.Nxd4 Rxd4
23.Rxd4 Qxd4 24.Bf3 Qf4 25.Rd1 Rxd1+ 26.Qxd1 Qxc4 27.Qd8 Kf8 28.Kg2 Qc5 29.a3 Qe7
30.Qa8 Qd7 31.b4 axb4 32.axb4 Ke7 33.Qb7 Qd8 34.Qe4 Bb5 35.Qh7 Qf8 36.Qc2 Kd8
37.Qd2+ Kc8 38.Qf4 Qe7 39.Qe4 c6 40.Qh7 Qf8 41.Qe4 f6 42.Qe3 fxe5 43.Qxb6 Qxb4
44.Qa7 e4 45.Qa8+ Kc7 46.Qa7+ Kd6 47.Qb8+ Kd5 48.Qd8+ Qd6 49.Bxe4+ Kc5 50.Qa8 Qe5
51.Qf8+ Kc4 52.Qf3 Kb4 53.Qe3 Qc3 54.Qf4 Qd4 55.Qf8+ c5 56.Bf3 Bc4 57.Qb8+ Kc3
58.Qg3 Kb2 59.Qb8+ Kc1 60.Kg3 Bd5 61.Bxd5 exd5 62.Qa7 Qc3+ 63.f3 c4 64.Qe7 Kd1
65.Qd7 Qe1+ 66.Kh3 Qh1+ 67.Kg3 Qg1+ 68.Kh3 Qd4 69.Qa4+ Ke2  0-1

[Event "CSR-ch"]
[Site "Frenstat"]
[Date "1982.??.??"]
[Round "11"]
[White "Ftacnik, Lubomir"]
[Black "Jansa, Vlastimil"]
[Result "1-0"]
[WhiteElo "2560"]
[BlackElo "2475"]

1.d4 Nf6 2.c4 e6 3.Nf3 Bb4+ 4.Bd2 a5 5.g3 b6 6.Bg2 O-O 7.O-O Bb7 8.Bf4 Be7
9.Nc3 Ne4 10.Na4 d6 11.Qc2 f5 12.Rfd1 Nd7 13.Nd2 g5 14.Nxe4 gxf4 15.Nd2 Bxg2
16.Kxg2 Qe8 17.gxf4 Kh8 18.Nf3 Nf6 19.Rg1 Ne4 20.Kf1 Qh5 21.Nc3 Qh3+ 22.Ke1 d5
23.cxd5 exd5 24.Nxe4 fxe4 25.Qxc7 Rf7 26.Qe5+ Bf6 27.Ng5 Qd7 28.Nxf7+ Qxf7
29.Qf5 e3 30.Rg3 exf2+ 31.Kf1 Rf8 32.Rc1 Qe7 33.Rc8  1-0

[Event "Gausdal Int"]
[Site "Gausdal"]
[Date "1982.??.??"]
[Round "2"]
[White "Gudmundsson, Elvar"]
[Black "Tiller, Bjorn"]
[Result "0-1"]
[WhiteElo "2360"]
[BlackElo "2420"]

1.d4 e6 2.c4 Nf6 3.Nf3 Bb4+ 4.Bd2 Qe7 5.g3 O-O 6.Bg2 Bxd2+ 7.Nbxd2 d6 8.O-O e5
9.e4 Bg4 10.d5 a5 11.Qc2 Na6 12.Nh4 c6 13.h3 Bd7 14.dxc6 bxc6 15.Rfd1 Rfb8
16.Nf1 g6 17.b3 Nc5 18.Rab1 Rb6 19.Ne3 Rab8 20.Kh2 Rb4 21.Kg1 Ne8 22.Qe2 Be6
23.Nc2 R4b6 24.Nf3 Nc7 25.Nfe1 N7a6 26.Qd2 a4 27.Qxd6 Qxd6 28.Rxd6 axb3 29.axb3 Bxc4
30.Ne3 Be6 31.Rc1 Kf8 32.Nc4 Bxc4 33.bxc4 Ke7 34.Rdd1 Nb3 35.Rb1 Nac5 36.Nd3 Nxd3
37.Rxd3 Nd4 38.Rxb6 Rxb6 39.Ra3 Rb1+ 40.Bf1 Re1 41.Ra7+ Kf6 42.Kg2 Rxe4 43.c5 Nc2
44.Ra6 Nb4 45.Rb6 Ke6 46.Ba6 Kd5 47.Bc8 Kxc5 48.Rb7 f5 49.Rxh7 Re2 50.Kf1 Rd2
51.Rg7 Nd3 52.f3 Kd4 53.Rxg6 Ke3 54.h4 Rf2+ 55.Kg1 Ne1  0-1

[Event "Gausdal Int"]
[Site "Gausdal"]
[Date "1982.??.??"]
[Round "4"]
[White "Andruet, Gilles"]
[Black "Nykopp, Jan Michael F"]
[Result "1/2-1/2"]
[WhiteElo "2395"]
[BlackElo "2275"]

1.d4 Nf6 2.c4 e6 3.Nf3 Bb4+ 4.Bd2 a5 5.g3 O-O 6.Bg2 d5 7.Qc2 Nc6 8.O-O Ne4
9.e3 Bd7 10.Nc3 Nxd2 11.Nxd2 dxc4 12.Nxc4 Be7 13.Qe2 Bf6 14.Rac1 Qb8 15.Ne4 Be7
16.Rfd1 Rd8 17.h4 Be8 18.Qf3 Nb4 19.a3 Nd5 20.Ne5 f6 21.Nd3 b6 22.Nc3 c6
23.Bh3 Qd6 24.Ne4 Qd7 25.Rd2 Rac8 26.Rdc2 Bf7 27.Nd2 Bf8 28.Ne4 Qe8 29.Nc3 Bg6
30.Rd2 Nxc3 31.Rxc3 Rc7 32.Nf4 Bf7 33.Qg4 Rd6 34.Rcd3 Rcd7 35.Qd1 Rd8 36.e4 e5
37.dxe5 Qxe5 38.Qa4 b5 39.Qxa5 Qxe4 40.Qxd8 Rxd8 41.Rxd8 g5 42.hxg5 fxg5
43.Ne2 Bd5 44.R2xd5 cxd5 45.Nc3 Qe1+ 46.Bf1 h5 47.Rxd5 Be7 48.Rxb5 h4 49.gxh4 gxh4
50.Rd5 Qc1 51.Ne2 Qxb2 52.Nf4 Qg7+ 53.Bg2 Qa1+ 54.Bf1 Qxa3 55.Nh3 Qc1 56.Rd3 Kg7
57.Rd5 Kf6 58.Rd3 Bc5 59.Rd5 Ke6 60.Rd3 Ke5 61.Rf3 Bd6 62.Rf4  1/2-1/2

[Event "Gausdal Young Men"]
[Site "Gausdal"]
[Date "1982.??.??"]
[Round "7"]
[White "Dlugy, Maxim"]
[Black "Gudmundsson, Elvar"]
[Result "1-0"]
[WhiteElo "2325"]
[BlackElo "2360"]

1.d4 Nf6 2.c4 e6 3.Nf3 Bb4+ 4.Bd2 Qe7 5.g3 Nc6 6.Bg2 a5 7.O-O Bxd2 8.Qxd2 d6
9.Nc3 e5 10.d5 Nb8 11.Ne1 Na6 12.e4 h5 13.h3 h4 14.g4 Nc5 15.b3 Nfd7 16.Rb1 g5
17.a3 Nf8 18.b4 axb4 19.axb4 Na4 20.Ra1 Bd7 21.Nd3 b5 22.c5 dxc5 23.bxc5 Ng6
24.Rfc1 O-O 25.d6 cxd6 26.Nd5 Qd8 27.c6 Be6 28.c7 Qc8 29.Nf6+ Kg7 30.Qxg5 Nc5
31.Rxa8 Qxa8 32.Ne1 Qa3 33.Nf3 Nd3 34.Nh5+ Kh7 35.Rc6 Nxf2 36.Kxf2 Qa7+ 37.Qe3  1-0

[Event "Bundesliga 8182"]
[Site "Germany"]
[Date "1982.??.??"]
[Round "?"]
[White "Schacht, Holger"]
[Black "Leitner, Maximilian"]
[Result "0-1"]
[WhiteElo "2220"]
[BlackElo "2250"]

1.d4 Nf6 2.Nf3 e6 3.c4 Bb4+ 4.Bd2 Qe7 5.g3 O-O 6.Bg2 Bxd2+ 7.Nbxd2 d6 8.O-O e5
9.e4 c5 10.d5 Na6 11.Ne1 Bd7 12.f4 b5 13.fxe5 Qxe5 14.Nef3 Qh5 15.Qe2 Rab8
16.Rae1 Rfe8 17.Nh4 Qxe2 18.Rxe2 bxc4 19.Nxc4 Bb5 20.b3 Bxc4 21.bxc4 Nd7
22.Nf5 Rb6 23.Rff2 Ne5 24.Rb2 Nb4 25.a3 Nxc4 26.axb4 Nxb2 27.Rxb2 cxb4 28.Nd4 a5
29.e5 Rxe5 30.Nc6 Re1+ 31.Kf2 Ra1 32.Ne7+ Kf8 33.Nc8 Rb8 34.Nxd6 a4 35.Nc4 b3
36.d6 a3  0-1

[Event "Bundesliga 8182"]
[Site "Germany"]
[Date "1982.??.??"]
[Round "?"]
[White "Behrhorst, Frank"]
[Black "Hartmann, Wolfram"]
[Result "1/2-1/2"]
[WhiteElo "2255"]
[BlackElo "2275"]

1.d4 Nf6 2.c4 e6 3.Nf3 Bb4+ 4.Bd2 Qe7 5.g3 b6 6.Bg2 Bb7 7.O-O Bxd2 8.Qxd2 d6
9.Nc3 Ne4 10.Nxe4 Bxe4 11.c5 Nd7 12.Rac1 O-O 13.cxb6 cxb6 14.Rc7 Qd8 15.Rfc1 Nf6
16.Ne1 Bxg2 17.Nxg2 Ne4 18.Qf4 Nc5 19.Rc6 e5 20.Qd2 Ne6 21.d5 Nd4 22.Rc7 Qe8
23.Qd3 f5 24.Nh4 Qh5 25.Nf3 Nxf3+ 26.Qxf3 Qg5 27.R1c2 h5 28.Rd7 Rfd8 29.h4 Qg6
30.Re7 Re8 31.Rb7 Reb8 32.Rxb8+ Rxb8 33.Rc7 a5 34.Kh2 Rf8 35.Qd3 Qg4 36.Qf3 Qg6
37.Kh3 f4 38.g4 e4 39.gxh5 exf3 40.hxg6 fxe2 41.Re7 f3 42.Kg3 Rf6 43.Re8+ Rf8
44.Re3 Rf6 45.h5 Rf5 46.Re8+ Rf8 47.Re6 Rf5 48.Re8+ Rf8  1/2-1/2

[Event "Hamar op"]
[Site "Hamar"]
[Date "1982.??.??"]
[Round "3"]
[White "Davies, Nigel R"]
[Black "Heiberg, T."]
[Result "1/2-1/2"]
[WhiteElo "2410"]
[BlackElo "2225"]

1.d4 Nf6 2.Nf3 e6 3.c4 Bb4+ 4.Bd2 Qe7 5.Nc3 O-O 6.e3 d5 7.Rc1 c5 8.a3 Bxc3
9.Bxc3 Rd8 10.dxc5 dxc4 11.Qa4 Qxc5 12.Bxf6 Bd7 13.Qc2 gxf6 14.b4 Qh5 15.Bxc4 Nc6
16.O-O Ne5 17.Be2 Bb5 18.Rfd1 Bxe2 19.Qxe2 Nxf3+ 20.Qxf3 Qxf3 21.gxf3 Rxd1+
22.Rxd1 Rc8 23.Rd7 Rc1+ 24.Kg2  1/2-1/2

[Event "Hamar op"]
[Site "Hamar"]
[Date "1982.??.??"]
[Round "6"]
[White "De Lange, Daan"]
[Black "Heggheim, Bjorn"]
[Result "1/2-1/2"]
[WhiteElo "2220"]
[BlackElo "2200"]

1.d4 Nf6 2.c4 e6 3.Nf3 Bb4+ 4.Bd2 Bxd2+ 5.Qxd2 d6 6.g3 O-O 7.Bg2 Nbd7 8.O-O e5
9.Nc3 Re8 10.Rad1 h6 11.e4 exd4 12.Nxd4 Nc5 13.Rfe1 Bg4 14.f3 Bh5 15.b4 Ncd7
16.g4 Bg6 17.Nd5 c6 18.Ne3 Qb6 19.Kh1 Rad8 20.Ndf5 Bxf5 21.gxf5 Ne5 22.f4 Neg4
23.h3 Nxe3 24.Rxe3 Rd7 25.Bf3 Rde7 26.Rg1 Kh7 27.Qc3 d5 28.c5 Qd8 29.Rd3 Rg8
30.e5 Ne8 31.Qd4 Rd7 32.Bg4 Qh4 33.f6 Rc7 34.Rdg3 Rf8 35.fxg7 Nxg7 36.Qd3+ Kh8
37.Bd1 f5 38.exf6 Qxf6 39.Bc2 Nh5 40.Rg4 Re7 41.f5 Rg7 42.Rxg7 Nxg7 43.Rg6 Qxf5
44.Rxh6+ Kg8 45.Qxf5 Nxf5 46.Rg6+ Ng7 47.Bb3 Rd8  1/2-1/2

[Event "KRO m"]
[Site "Hilversum"]
[Date "1982.??.??"]
[Round "2"]
[White "Timman, Jan H"]
[Black "Kortschnoj, Viktor"]
[Result "1/2-1/2"]
[WhiteElo "2600"]
[BlackElo "2635"]

1.d4 Nf6 2.c4 e6 3.Nf3 Bb4+ 4.Bd2 a5 5.g3 b6 6.Bg2 Bb7 7.O-O O-O 8.Bf4 Be7
9.Qc2 c5 10.Nc3 cxd4 11.Nxd4 Bxg2 12.Kxg2 Qc8 13.b3 Nc6 14.Ndb5 d5 15.cxd5 Nb4
16.Qb2 Nfxd5 17.Nxd5 Qc6 18.Kg1 Nxd5 19.Nd4 Bf6 20.Nxc6 Bxb2 21.Rad1 Ba3
22.Bd2 Rfc8 23.Nd4 Rc5 24.e4 Nf6 25.f3 g6 26.Be3 Rac8 27.Ne2 Rc2 28.Nf4 Bc5
29.Bxc5 R8xc5 30.Rf2 Rxf2 31.Kxf2 Rc2+ 32.Ke3 Rxa2 33.Rd8+ Kg7 34.e5 Nd5+
35.Nxd5 exd5 36.Rxd5 Ra3  1/2-1/2

[Event "KRO m"]
[Site "Hilversum"]
[Date "1982.??.??"]
[Round "6"]
[White "Timman, Jan H"]
[Black "Kortschnoj, Viktor"]
[Result "1/2-1/2"]
[WhiteElo "2600"]
[BlackElo "2635"]

1.d4 Nf6 2.c4 e6 3.Nf3 Bb4+ 4.Bd2 a5 5.g3 b6 6.Bg2 Bb7 7.O-O O-O 8.Nc3 Ne4
9.Rc1 Nxc3 10.Bxc3 Be4 11.Qd2 Nc6 12.Rfd1 Bxc3 13.Rxc3 Ne7 14.Qe3 f5 15.Nh4 Bxg2
16.Nxg2 Ng6 17.d5 e5 18.c5 b5 19.Rb3 Rb8 20.Qd3 e4 21.Qd4 Qf6 22.Nf4 Qxd4
23.Rxd4 b4 24.Nxg6 hxg6 25.f4 Rb5 26.a3 Rxc5 27.axb4 axb4 28.Rbxb4 Ra8 29.Rbc4 Rxc4
30.Rxc4 Ra7 31.Rb4 Kf7 32.Rb8 Ke7 33.Kf2 Ra5 34.Rg8 Rxd5 35.Rxg7+ Kf6 36.Rh7 c5
37.h3 Rd2 38.g4 fxg4 39.hxg4 d5 40.Rc7 c4 41.Rc6+ Kf7 42.Ke3 Rxb2 43.Rd6 c3
44.Rxd5 Ke6 45.Rc5 c2 46.Kxe4 Kd6 47.Rc8 Kd7 48.Rc5  1/2-1/2

[Event "URS-ch sf"]
[Site "Ivano Frankovsk"]
[Date "1982.??.??"]
[Round "?"]
[White "Kakageldyev, Amanmurad"]
[Black "Petrosian, Arshak B"]
[Result "1/2-1/2"]
[WhiteElo "2365"]
[BlackElo "2485"]

1.d4 Nf6 2.c4 e6 3.Nf3 Bb4+ 4.Bd2 Qe7 5.g3 Nc6 6.Bg2 Bxd2+ 7.Nbxd2 d6 8.O-O e5
9.d5 Nb8 10.e4 a5 11.Ne1 h5 12.h3 h4 13.g4 Nbd7 14.Qa4 O-O 15.Qc2 Nh7 16.f3 Re8
17.Nd3 Nhf8 18.b3 Ng6 19.Rfe1 Nf4 20.Nf2 Nc5 21.a3 Qg5 22.Bf1 c6 23.b4 axb4
24.axb4 Rxa1 25.Rxa1 Na6 26.Qc3 c5 27.bxc5 dxc5 28.Nb3 b6 29.Nc1 Nb4 30.Na2 Nxa2
31.Rxa2 Bd7 32.Ra7  1/2-1/2

[Event "URS-ch sf"]
[Site "Ivano Frankovsk"]
[Date "1982.??.??"]
[Round "?"]
[White "Chernin, Alexander"]
[Black "Makarichev, Sergey"]
[Result "1/2-1/2"]
[WhiteElo "2490"]
[BlackElo "2505"]

1.d4 Nf6 2.c4 e6 3.Nf3 Bb4+ 4.Bd2 a5 5.g3 O-O 6.Bg2 b6 7.O-O Ba6 8.Bg5 Bxc4
9.Nfd2 Bd5 10.e4 Bb7 11.e5 Bxg2 12.Kxg2 h6 13.Bxf6 gxf6 14.Qg4+ Kh8 15.Qh4 Kg7
16.Qg4+ Kh8 17.Qh4 Kg7 18.Qg4+ Kh8  1/2-1/2

[Event "Jarvenpaa"]
[Site "Jarvenpaa"]
[Date "1982.??.??"]
[Round "9"]
[White "Farago, Ivan"]
[Black "Ogaard, Leif"]
[Result "1/2-1/2"]
[WhiteElo "2490"]
[BlackElo "2510"]

1.d4 Nf6 2.c4 e6 3.Nf3 Bb4+ 4.Bd2 Qe7 5.g3 O-O 6.Bg2 Bxd2+ 7.Qxd2 d6 8.Nc3 e5
9.O-O Re8 10.e4 Bg4 11.Ne1 Nc6 12.f3 Bd7 13.Nc2  1/2-1/2

[Event "NOR-ch"]
[Site "Lillehammer"]
[Date "1982.??.??"]
[Round "9"]
[White "Kristiansen, Erling"]
[Black "Tiller, Bjorn"]
[Result "0-1"]
[WhiteElo "2330"]
[BlackElo "2420"]

1.d4 Nf6 2.Nf3 e6 3.c4 Bb4+ 4.Bd2 Qe7 5.Nc3 O-O 6.e3 d6 7.Be2 e5 8.O-O Nbd7
9.a3 Bxc3 10.Bxc3 e4 11.Nd2 Re8 12.Re1 Nf8 13.f3 Bf5 14.Nf1 Bg6 15.Ng3 h5
16.Nxe4 Nxe4 17.fxe4 Qg5 18.e5 dxe5 19.Bf1 Be4 20.Qd2 Rad8 21.d5 h4 22.h3 c6
23.d6 c5 24.b4 b6 25.bxc5 bxc5 26.Rad1 Qg6 27.Qf2 Rxd6 28.Qxh4 Ra6 29.Bb2 Rb6
30.Rd2 f6 31.Qf2 Reb8 32.Red1 Rb3 33.Bc1 Rb1 34.Be2 Bf5 35.Kh2 Ne6 36.Bf3 Be4
37.Rd7 Qf5 38.Rxa7 Ng5 39.Rdd7 Rxc1 40.Rxg7+ Kf8 41.Bxe4 Qxf2 42.Bd5 Qg1+
43.Kg3 Ne4+ 44.Kh4 Qf2+ 45.g3 Qxg3+ 46.Rxg3 Nxg3 47.Kxg3 Rb3 48.Rf7+ Ke8
49.Rxf6 Rxe3+ 50.Kf2 Rxa3  0-1

[Event "Luzern ol (Men)"]
[Site "Luzern"]
[Date "1982.??.??"]
[Round "3"]
[White "Frey, Kenneth"]
[Black "Muco, Fatos"]
[Result "0-1"]
[WhiteElo "2460"]
[BlackElo "2445"]

1.Nf3 Nf6 2.c4 e6 3.d4 Bb4+ 4.Bd2 Qe7 5.g3 O-O 6.Bg2 Bxd2+ 7.Qxd2 d6 8.Nc3 e5
9.O-O Re8 10.Rad1 e4 11.Ng5 Bf5 12.f3 e3 13.Qc1 c5 14.dxc5 dxc5 15.Nge4 Bxe4
16.Nxe4 Nxe4 17.fxe4 Nc6 18.Qxe3 Rad8 19.e5 Qxe5 20.Qxe5 Nxe5 21.Bxb7 Rb8
22.Bd5 Rxb2 23.Rb1 Reb8 24.Rxb2 Rxb2 25.a3 Kf8 26.Rc1 Rb3 27.Ra1 Ke7 28.Ra2 f6
29.Kg2 Ng4 30.Bg8 h6 31.Bh7 Ne3+ 32.Kf2 f5 33.Bg8 Ng4+ 34.Kg2 Nf6 35.Bd5 Nxd5
36.cxd5 Kd6 37.a4 a5 38.Kf2 g5 39.Ke1 Rb4 40.Kd2 Kxd5 41.Kc3 Rc4+ 42.Kb3 Re4
43.Rd2+ Rd4 44.Rc2 h5 45.Ka3 h4 46.Rc3 h3 47.Rf3 Ke4 48.Rc3 Rd2 49.Rxc5 Rxe2
50.Rxa5 Rxh2 51.Ra8 Rg2 52.a5 Rxg3+ 53.Kb4 Rg1 54.Rh8 g4 55.a6 Ra1 56.Kb5 f4  0-1

[Event "Luzern ol (Men)"]
[Site "Luzern"]
[Date "1982.??.??"]
[Round "4"]
[White "Tal, Mihail"]
[Black "Ivanovic, Bozidar"]
[Result "1/2-1/2"]
[WhiteElo "2610"]
[BlackElo "2510"]

1.d4 Nf6 2.c4 e6 3.Nf3 Bb4+ 4.Bd2 Qe7 5.g3 Nc6 6.Nc3 O-O 7.Bg2 Bxc3 8.Bxc3 Ne4
9.Qc2 Nxc3 10.Qxc3 d6 11.d5 Nd8 12.O-O e5 13.e4 f5 14.exf5 Bxf5 15.Rae1 Bd7
16.Nd2 Qf6 17.f4 exf4 18.Qxf6 Rxf6 19.gxf4 Nf7 20.Re7 Rd8 21.Ne4 Rg6 22.f5 Rh6
23.c5 Kf8 24.Re6 dxc5 25.Nxc5 Bc8 26.Rfe1 b6 27.Rxh6 Nxh6 28.Ne6+ Bxe6 29.fxe6 Ke7
30.Rc1 Rc8 31.Rc3 Nf5 32.Ra3 Kd6 33.Rf3 g6 34.Kf2 Re8 35.b4 h5 36.Rd3 a6
37.a4 Ne7 38.Rd4 Rf8+ 39.Ke2 g5 40.Bf3 Rf5 41.h3 b5 42.axb5 axb5 43.Bxh5 Re5+
44.Kf2 Nxd5 45.Be2 c6 46.Bg4 Ke7 47.Rd1 Nf6 48.Bf3 Rxe6 49.Rg1 Ne4+ 50.Ke3 Nc5+
51.Kd4 Nb3+ 52.Kd3 Rd6+ 53.Kc3 Nd4 54.Bg4 Rd5 55.Rd1 Ne6 56.Re1 Rd6 57.Re4 Kf6
58.h4 Nf4 59.Kc2 Nd5 60.Bf3 Nf4 61.Bg4 Rd8 62.Bf3 Ne6 63.hxg5+ Nxg5 64.Re3 Ne6
65.Bg4 Ng5 66.Rd3 Rxd3 67.Kxd3 Ke5 68.Bd7 Kd6 69.Be8 Ne6 70.Kc3 Nc7 71.Bh5 Ke5
72.Bg4 Nd5+ 73.Kb3 Nf6 74.Bf3 Ne4 75.Bh5 Nf6 76.Bf3 Nd5 77.Bh5 Kd4 78.Be8 Ne7
79.Bd7  1/2-1/2